| 000 | 00796nam a2200229Ia 4500 | ||
|---|---|---|---|
| 003 | GCL | ||
| 008 | 140319s9999 xx 000 0 ara d | ||
| 020 | _a7471101977 | ||
| 040 |
_aGCL / _cGCL |
||
| 082 | 0 | 4 |
_a778.73 _bس ت |
| 100 | 1 | _aسعيد شيمى | |
| 245 | 1 | 0 |
_aالتصوير السينمائى تحت الماء: رؤية ابداعية لعالم خلاب / _cسعيد شيمى |
| 250 | _aالاولى | ||
| 260 |
_aالقاهرة : _bالهيئة المصرية العامة للكتاب ، _c1996 |
||
| 300 |
_a179 ص ؛ _c22 سم |
||
| 490 |
_aالالف كتاب الثانى _v231 |
||
| 650 | 0 | 4 | _aالتصوير السينمائى |
| 650 | 0 | 4 | _aتصوير الطبيعة |
| 650 | 0 | 4 | _aاعماق البحار |
| 650 | 0 | 4 | _aالتصوير الليلى |
| 942 |
_2ddc _cBK |
||
| 999 |
_c50004 _d50004 |
||